000 00480nam a2200157Ia 4500
008 100122s9999 xx 000 0 und d
082 _b73433
_a910.4
100 _aजोगळेकर जयंत
245 _aसफर श्रीलंकेची
250 _a1
260 _bसाकेत प्रकाशन
_c2008
300 _a128
630 _aसफर श्रीलंकेची
730 _aसफर श्रीलंकेची
942 _cBOOK
999 _c389392
_d389389